1295 1893 1917 1943 1394 1591 1145 1294 1939 1482 1638 1636 1361 1316 1128 1263 1877 1118 1426 1306 1823 1137 1990 1195 1458 1753 1726 1888 1584 1921 1532 1135 1340 1201 1314 1587 1403 1105 1154 1321 1978 1708 1462 1792 1799 1758 1897 1739 1147 1002 1447 1599 1312 1243 1004 1079 1639 1686 1382 1147 1190 1511 1799 1323 1190 1407 1916 1488 1711 1695 1297 1698 1562 1037 1861 1124 1090 1138 1886 1835 1788 1713 1248 1931 1934 1674 1400 1166 1755 1906 1389 1667 1666 1367 1266 1627 1443 1757 1542 BCNSPRNW ULIB Ver.6.0+V

เปลี่ยนเป็นภาษาไทย

Change to English
 แสดงรายละเอียดบรรณานุกรม
  กลับหน้าหลัก

Brief Record : Get Marc (ISO 2709) : E-mail record : QR code < ปิดหน้าต่าง
LEADER : 00000nam 2200000uu 4500
001    13399113315
003     ULIB
008    111009s2552||||th 000 0 tha d
020    9789741112111
060 04 QZ266^bภ446ศ 2552
245 00 ศัลยศาสตร์มะเร็งวิทยา :^bการรักษาตามแนวสหสาขาสำหรับโรคมะเร็งที่พบบ่อยทางศัลยกรรม = Surgical oncology interdisciplinary approach to common surgical cancers /^cคณะบรรณาธิการ, ภาณุวัฒน์ เลิศสิทธิชัย ... [และคนอื่นๆ]
246 31 Surgical oncology interdisciplinary approach to common surgical cancers
250    พิมพ์ครั้งที่ 1
260    กรุงเทพฯ :^bกรุงเทพเวชสาร,^c2552
300    xii, 352 หน้า :^bภาพประกอบ ;^c30 ซม.
490 0  ตำราศัลยศาสตร์ประยุกต์ 5
500    เป็นโครงการตำราที่จัดทำโดยภาควิชาศัลยศาสตร์ฯคณะแพทยศาสตร์โรงพยาบาลรามาธิบดี. มหาวิทยาลัยมหิดล
650  4 มะเร็ง^xการรักษา
700 0  ภาณุวัฒน์ เลิศสิทธิชัย,^eบรรณาธิการ
710 2  มหาวิทยาลัยมหิดล. ^bคณะแพทยศาสตร์โรงพยาบาลรามาธิบดี.^bโครงการตำรารามาธิบดี
945    ^p650^l0^i027935
995    ทศพร
999 ^a ทศพร
รายการนี้ยังไม่มีแท็ก
คุณยังไม่ได้ล็อกอิน คุณสามารถมีกิจกรรมร่วมกับเว็บไซต์ได้ แต่ต้องล็อกอินก่อน ::
  ล็อกอิน

รายการสื่อสารสนเทศ

ลำดับที่ ประเภท เลขเรียก/บาร์โค้ด สถานที่ สถานะ
- ไม่พบข้อมูล -

รายการใกล้เคียง
    หัวเรื่อง [มะเร็ง การรักษา]

BibComment


ยังไม่เคยถูกคอมเมนท์

คอมเมนท์ทรัพยากรรายการนี้
  คอมเมนท์: ศัลยศาสตร์มะเร็งว..


 Copyright 2026. Bcnsprnw @Library